Derechos humanos y no humanos de última generación: la superación del antropocentrismo en el derecho constitucional /

Dades bibliogràfiques
Autor principal: Avellaneda López, Angie Katherine (autor)
Altres autors: Carreño Dueñas, Dalia (autor), Castañeda Castañeda Sandra Marcela (autor), Moreno Páez, José Alexánder (autor), Restrepo Fontalvo, Jorge (autor), Trujillo de Misas, Claudia Lucía (autor), Flórez Ruiz, José Fernando (Editor)
Format: Paquet
Idioma:Spanish
Publicat: Bogotá: Editorial Tirant lo Blanch, 2019.
Edició:Primera edición.
Col·lecció:Monografías.
Matèries:

MARC

LEADER 00000nac a2200000 i 4500
003 eccuu
005 20231211090448.0
006 a||||gr|||| 001 0
007 ta
008 231211t2019 ck ||||gr|||| 001 0 spa a
020 |a 978-84-1336-214-4 
040 |a eccuu  |b spa  |c eccuu  |e rda 
041 |a spa 
082 0 |2 22  |a 323  |c 127494 
100 1 |e autor  |a Avellaneda López, Angie Katherine.  |9 311031 
245 1 0 |a Derechos humanos y no humanos de última generación:   |b la superación del antropocentrismo en el derecho constitucional /   |c Angie katherine Avellaneda López [y cinco más], José Fernando Flórez Ruiz editor. 
250 |a Primera edición. 
264 1 |a Bogotá:   |b Editorial Tirant lo Blanch,   |c 2019. 
264 4 |c ©2019 
300 |a 175 páginas:   |c 22 cm 
336 |2 rdacontent  |a texto  |b txt 
337 |2 rdamedia  |a no mediado  |b n 
338 |2 rdacarrier  |a volumen  |b nc 
490 0 |a Monografías. 
505 1 |a Derechos humanos de quinta generación: la superación del paradigma jurídico antrocéntrico -- La protección jurídica de los animales: el paso de seres sintientes a personas -- Del antropocentrismo al biocentrismo: animales sujetos de derechos -- La madre tierra como sujeto de derechos: el tránsito del iusantropocentrismo al iuseconcentrismo -- Derechos de quinta generación: ¿obsolescencia del humanismo? -- el agua como derecho fundamental y como servicio público domiciliario en Colombia: avance jurisprudencial. 
600 |2 eccuu 
650 1 7 |a Derechos humanos  |9 2189  |2 eccuu 
650 1 0 |a Derecho ambiental  |9 1043  |2 eccuu 
650 1 7 |a Derechos animales  |9 311032  |2 ECCUU 
651 |2 UCuenca-cdrjbv 
700 |9 117367  |a Carreño Dueñas, Dalia  |e autor 
700 1 |9 311033  |a Castañeda Castañeda Sandra Marcela.  |e autor 
700 1 |9 311034  |a Moreno Páez, José Alexánder.  |e autor 
700 1 |9 311035  |a Restrepo Fontalvo, Jorge.  |e autor 
700 1 |9 311036  |a Trujillo de Misas, Claudia Lucía.  |e autor 
700 1 |9 311037  |a Flórez Ruiz, José Fernando.  |e editor 
942 |2 ddc  |c CR  |z wilman.tandazo@ucuenca.edu.ec 
999 |c 163268  |d 163268